000 00735nam a22001935i 4500
001 159040
003 ES-MaACL
005 20230906211427.0
008 961023s1859 sp |||| | spa d
040 _aCLM
_bspa
_cCLM
080 _a908(671.8 Fernando Poo)"18"
100 1 _aMartinez y Sanz, Miguel.
_9129580
245 1 0 _aBreves apuntes sobre la isla de Fernando Poó en el Golfo de Guinea ... /
_cMiguel Martinez y Sanz.
260 _aMadrid :
_b[S.n.],
_c1859 (
_fImprenta de Higinio Reneses)
300 _a104 p., [1] h. de map. ;
_c20 cm.
599 _aLa h. de lám. es de Sanchez, cª Geronima 13.
651 4 _aFernando Poo-
_xHistoria.
_9137231
852 _aES-MaACL
_jT-2-F-8
_z-- Enc. hol.
_z-- Enc. en un vol. facticio
999 _c159040
_d159040